[Event "Titled Tuesday intern op 30th Apr Early"]
[Site "Chess.com INT"]
[Date "2024.04.30"]
[Round "6"]
[White "Baches Garcia, Guillermo"]
[Black "Zou, Chen"]
[Result "0-1"]
[WhiteElo "2322"]
[BlackElo "2449"]
[PlyCount "68"]
[EventDate "2024.04.30"]
[EventType "swiss (blitz)"]
[EventRounds "11"]
[EventCountry "USA"]
[SourceTitle "CB19_2024"]
[SourceDate "2024.05.08"]
[SourceVersion "1"]
[SourceVersionDate "2024.05.08"]
[SourceQuality "1"]

1. e4 c6 2. c4 d5 3. exd5 cxd5 4. cxd5 Nf6 5. Nc3 g6 6. Nf3 Bg7 7. Bc4 0-0 8. Qb3 Nbd7 9. 0-0 b6 10. d3 Bb7 11. a4 Nc5 12. Qa2 Na6 13. Qb3 Nc7 14. Re1 Ncxd5 15. Nxd5 Nxd5 16. Bg5 Qd7 17. a5 bxa5 18. Rxa5 e6 19. Rea1 a6 20. h4 h6 21. Bd2 Rab8 22. Qa4 Bc6 23. Qd1 Rxb2 24. Rxa6 Rfb8 25. Ra7 R2b7 26. Rxb7 Qxb7 27. Rc1 Nb6 28. Qe2 Qa8 29. Be3 Nd5 30. Bd2 Rb2 31. Qe1 Qb8 32. Ba5 Ba8 33. Bxd5 Bxd5 34. Ne5 Qxe5 0-1

[Event "Titled Tuesday intern op 30th Apr Early"]
[Site "Chess.com INT"]
[Date "2024.04.30"]
[Round "2"]
[White "Ferey, Antonin"]
[Black "Zou, Chen"]
[Result "1/2-1/2"]
[WhiteElo "2194"]
[BlackElo "2449"]
[PlyCount "165"]
[EventDate "2024.04.30"]
[EventType "swiss (blitz)"]
[EventRounds "11"]
[EventCountry "USA"]
[SourceTitle "CB19_2024"]
[SourceDate "2024.05.08"]
[SourceVersion "1"]
[SourceVersionDate "2024.05.08"]
[SourceQuality "1"]

1. Nf3 Nf6 2. g3 d5 3. Bg2 c6 4. c4 dxc4 5. 0-0 g6 6. Na3 Bg7 7. Nxc4 0-0 8. d3 Nbd7 9. Rb1 Nb6 10. b3 a5 11. Be3 Nfd5 12. Qc2 Nxe3 13. Nxe3 Qc7 14. Rfc1 Rd8 15. h4 Bd7 16. Qc5 Be8 17. Qc2 Rac8 18. Ng5 Bh6 19. Qd2 Ra8 20. Rc5 Nd7 21. Ng4 Bg7 22. Rbc1 Nxc5 23. Rxc5 h5 24. Ne3 Qb6 25. Rc4 Rd4 26. Ne4 Rxc4 27. Nxc4 Qc7 28. Bf3 b6 29. Qc1 Rc8 30. Ne3 Bd7 31. Ng5 Be8 32. a4 Qd8 33. Qc4 b5 34. Qf4 Qd4 35. Ne4 Qe5 36. Qxe5 Bxe5 37. Nc5 Bd4 38. Nb7 Bb6 39. Kf1 e6 40. Nd6 Rd8 41. Nxe8 Rxe8 42. Bxc6 Rb8 43. axb5 Bxe3 44. fxe3 Kf8 45. Kf2 Ke7 46. e4 Kd6 47. d4 e5 48. e3 Rc8 49. Ke2 Rg8 50. Kd3 g5 51. Bd5 gxh4 52. gxh4 Rg4 53. Bxf7 Rxh4 54. b6 exd4 55. exd4 Rh1 56. e5+ Kc6 57. d5+ Kxb6 58. e6 Re1 59. Bxh5 Kc5 60. Bf7 Kd6 61. Kc4 Rc1+ 62. Kb5 Ra1 63. Kc4 Ra3 64. Be8 Ra2 65. Bc6 Ra1 66. Kb5 Ra3 67. Kc4 Ra1 68. Kc3 Rc1+ 69. Kb2 Re1 70. Ka3 Ra1+ 71. Kb2 Rg1 72. Ka3 Ra1+ 73. Kb2 Rd1 74. Ka3 Rd3 75. Ka4 Re3 76. Kxa5 Rxb3 77. Ka4 Rb1 78. Ka3 Rb8 79. Ka2 Rb6 80. Ka1 Rb8 81. Ka2 Rf8 82. Ka1 Rb8 83. Ka2 1/2-1/2

[Event "Titled Tuesday intern op 30th Apr Early"]
[Site "Chess.com INT"]
[Date "2024.04.30"]
[Round "3"]
[White "Zou, Chen"]
[Black "Kuhn, Clement"]
[Result "1-0"]
[WhiteElo "2449"]
[BlackElo "2349"]
[PlyCount "145"]
[EventDate "2024.04.30"]
[EventType "swiss (blitz)"]
[EventRounds "11"]
[EventCountry "USA"]
[SourceTitle "CB19_2024"]
[SourceDate "2024.05.08"]
[SourceVersion "1"]
[SourceVersionDate "2024.05.08"]
[SourceQuality "1"]

1. e4 Nf6 2. e5 Nd5 3. d4 d6 4. Nf3 g6 5. Be2 Bg7 6. 0-0 0-0 7. c4 Nb6 8. Nc3 Nc6 9. exd6 cxd6 10. h3 Bf5 11. b3 e5 12. Be3 Re8 13. Rc1 Rc8 14. Re1 Nd7 15. Bg5 Bf6 16. Be3 Bg7 17. dxe5 dxe5 18. Nb5 e4 19. Nfd4 Nxd4 20. Nxd4 Ne5 21. Nxf5 gxf5 22. Qxd8 Rcxd8 23. Red1 Nd3 24. Bxd3 exd3 25. Rd2 Rd7 26. Rcd1 Red8 27. Bxa7 Bc3 28. Bb6 Bxd2 29. Bxd8 Bb4 30. Bg5 f6 31. Be3 Kf7 32. f4 h5 33. Kf2 h4 34. Ba7 Bc3 35. Ke3 d2 36. Ke2 Bb4 37. Be3 Re7 38. Kd3 Rd7+ 39. Kc2 Re7 40. Bxd2 Bc5 41. Re1 Rd7 42. Bc3 Bf2 43. Re2 Bg3 44. Bd2 Rc7 45. a4 Rd7 46. a5 Kg6 47. Be3 Re7 48. Kd2 Rd7+ 49. Kc2 Re7 50. Kd1 Re4 51. Bd2 Rd4 52. Kc2 Bxf4 53. Bxf4 Rxf4 54. Kc3 Rf1 55. b4 Ra1 56. c5 f4 57. Kc4 Kf5 58. Kb5 f3 59. gxf3 Kf4 60. Re4+ Kg3 61. Kb6 Kxh3 62. Kxb7 Kg3 63. Rxh4 Kxh4 64. a6 Kg3 65. a7 Kxf3 66. a8Q Rxa8 67. Kxa8 Ke4 68. c6 f5 69. c7 f4 70. c8Q f3 71. Qc1 f2 72. Qf1 Kd5 73. b5 1-0

[Event "Titled Tuesday intern op 23rd Apr Late"]
[Site "Chess.com INT"]
[Date "2024.04.23"]
[Round "9"]
[White "Kamsky, Gata"]
[Black "Zou, Chen"]
[Result "1-0"]
[WhiteElo "2610"]
[BlackElo "2449"]
[PlyCount "111"]
[EventDate "2024.04.23"]
[EventType "swiss (blitz)"]
[EventRounds "11"]
[EventCountry "USA"]
[SourceTitle "CB18_2024"]
[SourceDate "2024.05.01"]
[SourceVersion "1"]
[SourceVersionDate "2024.05.01"]
[SourceQuality "2"]

1. d4 Nf6 2. Bf4 b6 3. e3 Bb7 4. Nf3 g6 5. c3 Bg7 6. Nbd2 0-0 7. h3 c5 8. Bd3 d5 9. 0-0 Nbd7 10. Qb1 e6 11. a4 a6 12. b4 c4 13. Bc2 Re8 14. Re1 Rc8 15. Ne5 Nxe5 16. Bxe5 Nd7 17. Bxg7 Kxg7 18. f4 Nf6 19. a5 b5 20. Rf1 Qe7 21. Rf2 h5 22. g3 Ng8 23. Nf3 Nh6 24. Qe1 f6 25. Rg2 f5 26. Ne5 Nf7 27. g4 Nxe5 28. fxe5 fxg4 29. hxg4 h4 30. g5 Rh8 31. Qf2 Rcg8 32. Kh2 Rh5 33. Qf6+ Qxf6 34. gxf6+ Kf7 35. Rag1 Rh6 36. Rg5 Bc6 37. Kh3 Be8 38. R5g4 Kf8 39. Rxh4 Rgh8 40. Rxh6 Rxh6+ 41. Kg3 g5 42. Kf2 Rh2+ 43. Rg2 Rxg2+ 44. Kxg2 Bh5 45. Kg3 Kf7 46. Bh7 Bd1 47. Bb1 Bh5 48. Bc2 Kf8 49. Kf2 Kf7 50. Ke1 Bf3 51. Bd1 Be4 52. Kf2 Kf8 53. Kg3 Bf5 54. Bh5 Kg8 55. Be8 Kf8 56. Bxb5 1-0

[Event "Titled Tuesday intern op 23rd Apr Late"]
[Site "Chess.com INT"]
[Date "2024.04.23"]
[Round "11"]
[White "Zou, Chen"]
[Black "Goltsev, Dmitry"]
[Result "0-1"]
[WhiteElo "2449"]
[BlackElo "2215"]
[PlyCount "68"]
[EventDate "2024.04.23"]
[EventType "swiss (blitz)"]
[EventRounds "11"]
[EventCountry "USA"]
[SourceTitle "CB18_2024"]
[SourceDate "2024.05.01"]
[SourceVersion "1"]
[SourceVersionDate "2024.05.01"]
[SourceQuality "2"]

1. e4 e6 2. d4 d5 3. exd5 exd5 4. Nf3 Nf6 5. Bd3 c5 6. 0-0 Be7 7. dxc5 Bxc5 8. Re1+ Be6 9. Be3 Bb6 10. Nc3 0-0 11. Bxb6 Qxb6 12. Nd4 Bg4 13. Qd2 Nc6 14. Nxc6 bxc6 15. Na4 Qc7 16. b3 Rfe8 17. h3 Bh5 18. Rxe8+ Rxe8 19. Re1 Rxe1+ 20. Qxe1 Bg6 21. Qe3 Bxd3 22. cxd3 h6 23. g3 Qa5 24. Kg2 Qc7 25. b4 Qd6 26. Qd4 Qe7 27. Nc3 Qe1 28. a4 Qd2 29. a5 a6 30. Na4 Ne4 31. h4 Qd1 32. Nb6 Nd2 33. Kh3 h5 34. Qe3 Qh1# 0-1

[Event "Titled Tuesday intern op 12th Mar Late"]
[Site "Chess.com INT"]
[Date "2024.03.12"]
[Round "6"]
[White "Al Tarbosh, Ward"]
[Black "Zou, Chen"]
[Result "0-1"]
[WhiteElo "2277"]
[BlackElo "2449"]
[PlyCount "104"]
[EventDate "2024.03.12"]
[EventType "swiss (blitz)"]
[EventRounds "11"]
[EventCountry "USA"]
[SourceTitle "CB12_2024"]
[SourceDate "2023.10.01"]
[SourceVersion "1"]
[SourceVersionDate "2023.10.01"]
[SourceQuality "1"]

1. e4 c5 2. Nf3 d6 3. d4 cxd4 4. Nxd4 Nf6 5. Nc3 a6 6. h3 g6 7. Be2 Bg7 8. 0-0 0-0 9. Be3 Nc6 10. Qd2 Nxd4 11. Bxd4 Be6 12. Rad1 Rc8 13. f4 Bc4 14. Bxc4 Rxc4 15. Qd3 b5 16. b3 Rc8 17. e5 dxe5 18. fxe5 Nd5 19. Ne4 Nb4 20. Qd2 Nxc2 21. Bc3 Qxd2 22. Rxd2 Ne3 23. Rf3 Nf5 24. g4 Nh4 25. Rfd3 Rc6 26. Kf2 h6 27. Kg3 g5 28. Kf2 Ng6 29. Rd7 Re8 30. Bb4 Bxe5 31. Bc5 Kg7 32. b4 Re6 33. Ra7 Rc8 34. Rdd7 Bb8 35. Bd4+ Kf8 36. Nc5 Bxa7 37. Nxe6+ fxe6 38. Rxa7 Rc2+ 39. Ke3 Rxa2 40. Bc5 Kf7 41. Ra8 Ra3+ 42. Ke4 Nf4 43. h4 Nd5 44. hxg5 hxg5 45. Ra7 Ra4 46. Ke5 Ra1 47. Ke4 Re1+ 48. Kf3 Ra1 49. Kg2 Ra4 50. Kf3 Kf6 51. Rb7 Ra3+ 52. Kg2 a5 0-1

[Event "Titled Tuesday intern op 12th Mar Late"]
[Site "Chess.com INT"]
[Date "2024.03.12"]
[Round "7"]
[White "Zou, Chen"]
[Black "Kaplan, Avi Harrison"]
[Result "1-0"]
[WhiteElo "2449"]
[BlackElo "2085"]
[PlyCount "71"]
[EventDate "2024.03.12"]
[EventType "swiss (blitz)"]
[EventRounds "11"]
[EventCountry "USA"]
[SourceTitle "CB12_2024"]
[SourceDate "2023.10.01"]
[SourceVersion "1"]
[SourceVersionDate "2023.10.01"]
[SourceQuality "1"]

1. c4 b6 2. Nc3 Bb7 3. e4 e6 4. Nf3 g6 5. d4 Bg7 6. Be2 Ne7 7. 0-0 0-0 8. Qc2 d6 9. Bg5 h6 10. Be3 Nd7 11. Rfd1 a6 12. Rac1 Kh7 13. c5 bxc5 14. dxc5 d5 15. h4 Qe8 16. h5 dxe4 17. Nxe4 Ne5 18. Bd4 Nxf3+ 19. Bxf3 Bxd4 20. Rxd4 f5 21. Nd6 cxd6 22. Bxb7 dxc5 23. Qxc5 Rb8 24. hxg6+ Nxg6 25. Bxa6 Rxb2 26. Rb4 Rxa2 27. Bc4 Ra8 28. Re1 Rc8 29. Rb7+ Kh8 30. Qd4+ e5 31. Qa7 Ne7 32. Rxe7 Qg6 33. Bf7 Qg5 34. Be6 Qg6 35. Bxc8 Rxc8 36. Qe3 1-0

[Event "Titled Tuesday intern op 13th Feb Late"]
[Site "Chess.com INT"]
[Date "2024.02.13"]
[Round "8"]
[White "Zou, Chen"]
[Black "Yoo, Christopher Woojin"]
[Result "0-1"]
[WhiteElo "2449"]
[BlackElo "2595"]
[PlyCount "74"]
[EventDate "2024.02.13"]
[EventType "swiss (blitz)"]
[EventRounds "11"]
[EventCountry "USA"]
[SourceTitle "CB08_2024"]
[SourceDate "2024.02.21"]
[SourceVersion "1"]
[SourceVersionDate "2024.02.21"]
[SourceQuality "1"]

1. e4 e6 2. d4 d5 3. Nc3 Bb4 4. e5 Ne7 5. a3 Bxc3+ 6. bxc3 c5 7. Qg4 Qc7 8. Bd3 cxd4 9. Ne2 dxc3 10. Qxg7 Rg8 11. Qxh7 Nbc6 12. 0-0 Qxe5 13. Bf4 Qf6 14. Qh6 Qxh6 15. Bxh6 e5 16. Nxc3 Bh3 17. g3 Bxf1 18. Bxf1 Nf5 19. Bd2 Rd8 20. Rb1 Rd7 21. Na4 Nfd4 22. Bc3 b6 23. Bxd4 Nxd4 24. c3 Nf3+ 25. Kg2 Nd2 26. Re1 Nxf1 27. Kxf1 f6 28. Nb2 Kf7 29. Nd3 Rc8 30. Rc1 Rdc7 31. Nb4 Rxc3 32. Rxc3 Rxc3 33. Nxd5 Rxa3 34. h4 b5 35. h5 a5 36. h6 Kg6 37. h7 Kxh7 0-1

[Event "Titled Tuesday intern op 16th Jan Early"]
[Site "Chess.com INT"]
[Date "2024.01.16"]
[Round "1"]
[White "Gavrilov, Maxim"]
[Black "Zou, Chen"]
[Result "1-0"]
[WhiteElo "2186"]
[BlackElo "2449"]
[PlyCount "99"]
[EventDate "2024.01.16"]
[EventType "swiss (blitz)"]
[EventRounds "11"]
[EventCountry "USA"]
[SourceTitle "CB04_2024"]
[SourceDate "2023.10.16"]
[SourceVersion "1"]
[SourceVersionDate "2023.10.16"]
[SourceQuality "1"]

1. d4 Nf6 2. c4 g6 3. Nf3 Bg7 4. g3 0-0 5. Bg2 d6 6. 0-0 Nbd7 7. Nc3 e5 8. e4 c6 9. h3 exd4 10. Nxd4 Re8 11. Re1 a5 12. Be3 Nc5 13. Qc2 Qe7 14. f3 Nfd7 15. Rad1 Nb6 16. b3 Nbd7 17. Bf2 Nf8 18. f4 h5 19. a3 Nfe6 20. Nf3 Nf8 21. b4 axb4 22. axb4 Ncd7 23. Qd2 Nh7 24. Bd4 Ndf6 25. e5 dxe5 26. Nxe5 Be6 27. Bc5 Qc7 28. Bd6 Qb6+ 29. c5 Qd8 30. b5 Qc8 31. bxc6 bxc6 32. Bxc6 Bxh3 33. Bxa8 Qxa8 34. Nd5 Qa3 35. Kh2 Bf5 36. Re3 Qa4 37. Rde1 Nxd5 38. Qxd5 Be6 39. Qe4 Qa2+ 40. R3e2 Qa5 41. Nc6 Qa3 42. Ne7+ Kh8 43. Nxg6+ fxg6 44. Qxg6 Nf6 45. Rxe6 Rxe6 46. Rxe6 Ng4+ 47. Kh3 Nf2+ 48. Kh4 Qf3 49. Re8+ Bf8 50. Rxf8# 1-0